Jugadores del Valencia C.F. - Estadísticas

Estadísticas generales
  • Esta prueba ha sido intentada 365 veces
  • La puntuación promedio es 7 de 16
Answers on the Grid
Answers color-coded by a green-red scale on the quiz's grid according to % correct below.
David Villa
Javi Martínez
Jesús Navas
Capoue
Isco
Jordi Alba
Adil Rami
Elmas
Guilherme Siqueira
Quincy Promes
Fernando Morientes
Hélder Costa
Suso
Borja Iglesias
Joao Pereira
Pablo Piatti
Joan Jordán
Iván Fresneda
Sergio Canales
Adil Rami
Fernando Pacheco
Antonio Sivera
André Gomes
Joao Cancelo
Patrick Kluivert
Shane Kluivert
Roger Martí
Roque Mesa
Nelson Valdez
Dorlan Pabon
 
Estadísticas de respuestas
Respuesta % Correcto
David Villa
97%
Jordi Alba
72%
Isco
61%
Fernando Morientes
48%
Adil Rami
46%
Hélder Costa
44%
Pablo Piatti
44%
Guilherme Siqueira
40%
Sergio Canales
37%
Joao Cancelo
34%
André Gomes
32%
Adil Rami
30%
Joao Pereira
29%
Patrick Kluivert
25%
Nelson Valdez
14%
Dorlan Pabon
13%
No se encontraron pruebas coincidentes
Distribución de puntuación
Porcentaje de gente con cada puntuación
Porcentaje por número respondido
Historial de tus puntuaciones
No has intentado esta prueba.